00681nam a22001577a 450000500170000000800410001704100080005804400070006608200190007311000410009224201700013324501310030326000190043430000360045365000340048920140407115446.0140407t2009 fr ado gr|||| 00| 0 spa d aeng afr a333.7313bE61i2 aUnited Nations Environment Programme10aEvaluación Integrada: la incorporación de la sostenibilidad pata una formulación políticabmanual de orientacióncUnited Nations Environment Programmeyspa10aIntegrated Assessment: mainstreaming sustainability into policymakingba guidance manualcUnited Nations Environment Programme a[?]b[?]c2009 a56 p.bil., fot., tablasc30 cm 4aDesarrollo sosteniblevManual